| 000 | 00616nam a2200205 i 4500 | ||
|---|---|---|---|
| 001 | 73466 | ||
| 003 | ES-MaACL | ||
| 005 | 20250803093741.0 | ||
| 007 | t| | ||
| 008 | 041014s2004 sp ||||1| spa d | ||
| 020 | _a84-933767-5-2 | ||
| 080 | _a946.027 M. (082.2) | ||
| 245 | 0 | 0 |
_aAntología de Madrid / _c[selección e introducción de] Hugh Thomas. |
| 260 |
_aMadrid : _bGadir, _c[2004] |
||
| 300 |
_a477 p., [24] p. de lám. ; _c23 cm. |
||
| 651 | 4 |
_aMadrid- _xCuriosidades _98951 |
|
| 700 | 1 |
_aThomas, Hugh, _d1931-2017 _9110019 |
|
| 852 |
_aES-MaACL _jL-28260 _bR.70244 |
||
| 999 |
_c73466 _d73466 |
||